000 01001cam a22003137a 4500
003 CHAP
005 20220329141730.0
008 971013s1942 r 00010 d
010 _a72976
011 _a73948
035 _a83506
040 _cCHAP
090 _aTesis
100 0 0 _aAlarcón Mendizábal, Jorge.
_93370
245 0 _aPuente sobre el arroyo Sacramento, carretera Chihuahua C. Juárez
260 _aChapingo, Méx. :
_bEl autor,
_c1942
300 _a44 h.
_b: ilus.
502 _aTesis (Ing. Agr. Esp. en Irrigación) -- ENA. Departamento de Irrigación
590 _aALEPH
_b10
_c20130110
_lUCH01
_h1415
590 _aBATCH-UPD
_b10
_c20130110
_lUCH01
_h0725
590 _aBATCH-UPD
_b10
_c20130410
_lUCH01
_h0409
590 _aBATCH-UPD
_b10
_c20130913
_lUCH01
_h2341
590 _aCONVERSION
_b10
_c20130109
_lUCH01
_h1340
650 1 4 _aPuentes.
_992914
901 _aBK
942 _cFOLL
949 _bBC
_cTES
_d-38097
_eTS1
_i83506
_si
949 _bBC
_cTES
_d-38098
_eTS2
_fc.2
_i83506
_si
999 _c72976
_d72976